000 00540nam a2200181Ia 4500
003 GCL
008 140319s9999 xx 000 0 ara d
040 _aGCL /
_cGCL
082 0 4 _a370.193
_bع ع
100 1 _aعبدالله محمد عبدالرحمن
245 1 0 _aعلم اجتماع المدرسة /
_cعبدالله محمد عبدالرحمن
300 _a324
490 _aكتاب
_v0
650 0 4 _aالاجتماع التربوى - علم
650 0 4 _aالمدرسة
650 0 4 _aالمدرس الاول
942 _2ddc
_cBK
999 _c41224
_d41224